• 首页
  • 本馆介绍
  • 公告通知
  • 最新文献
  • 馆藏检索
  • 电子资源
  • 读者导购
  • 参考咨询
  • 我的图书馆
  • 登录
  • 详细信息显示
  • 放入我的书架
  • 预约/预借图书
  • 作者相关作品
  • 分类相关作品
  • 丛书相关作品
  • 出版社相关作品

书目信息

  • 表格格式
  • 工作单格式
  • 卡片格式
题名:
在儒学与诗学之间
    
 
作者: 李春青 著
分册:  
出版信息: 长春   吉林大学出版社  2015.2
页数: 608页
开本: 24cm
丛书名: 中国文化与诗学丛书
单 册:
中图分类: B222.05 , I207.227.2
科图分类:
主题词: 儒学--ru xue--研究 , 研究--yan jiu
电子资源:
ISBN: 978-7-5677-2692-5
000 01004nam0 22002891 450
001 0127144107
005 20170427144107.0
010    @a978-7-5677-2692-5@dCNY98.00
100    @a20150724d2015 em y0chiy50 ea
101 0  @achi
102    @aCN@b220000
105    @ay a 000yy
106    @ar
200 1  @a在儒学与诗学之间@Azai ru xue yu shi xue zhi jian@f李春青著
210    @a长春@c吉林大学出版社@d2015.2
215    @a608页@d24cm
225 2  @a中国文化与诗学丛书@Azhong guo wen hua yu shi xue cong shu@h第一辑
320    @a有书目
330    @a本书分为方法篇、儒学篇、诗学篇等两篇。内容包括: 文化诗学的基本特征与操作路径 ; 文化诗学的研究路向 ; “中国文化诗学”的源流与走向 ; “敬”的历史含义及其多向价值等。
461  0 @12001 @a中国文化与诗学丛书@h第一辑
606 0  @a儒学@Aru xue@x研究
606 0  @a研究@Ayan jiu
690    @aB222.05@v5
690    @aI207.227.2@v5
701  0 @a李春青@Ali chun qing@f1955-@4著
801  0 @aCN@bTANGWEI@c20170308
905    @b0966714-6@dB222.05@e568@f3
    
    在儒学与诗学之间/李春青著.-长春:吉林大学出版社,2015.2
    608页;24cm.-(中国文化与诗学丛书.第一辑)
    
    
    ISBN 978-7-5677-2692-5:CNY98.00
    本书分为方法篇、儒学篇、诗学篇等两篇。内容包括: 文化诗学的基本特征与操作路径 ; 文化诗学的研究路向 ; “中国文化诗学”的源流与走向 ; “敬”的历史含义及其多向价值等。
●
相关链接 在E读中查询图书 在五车中查询图书 在当当中查询图书 在豆瓣中查询图书


正题名:在儒学与诗学之间     索取号:B222.05/568         预约/预借

序号 登录号 条形码 馆藏地/架位号 状态 备注
1 0966714   209667145   第一样本阅览室/ [索取号:B222.05/568] 在馆    
2 0966715   209667154   第一借阅区/ [索取号:B222.05/568] 在馆    
3 0966716   209667163   第一借阅区/ [索取号:B222.05/568] 在馆    
唐山师范学院图书馆 欢迎您!
大连网信软件有限公司© 版权所有